| 000 | 00630nam a2200253 a 4500 | ||
|---|---|---|---|
| 001 | nice12345678 | ||
| 003 | IN_TiNIC | ||
| 005 | 20260116013347.0 | ||
| 008 | 050524s1993 dela grp 000 0 eng | ||
| 020 |
_a _c80 |
||
| 082 | 0 | 0 |
_a181.07 _bALI |
| 100 | _aAli, Shaukat | ||
| 245 | _aIntellectual Foundations of Muslim Civilization | ||
| 260 |
_aDelhi _bAl-Amin Publications _c1993 |
||
| 300 | _a192p | ||
| 500 | _aincludes index and biblioraphy | ||
| 505 | 2 | _aIndex | |
| 650 | _aPhilosophy-Islamic | ||
| 650 | _aCivilization-Islamic | ||
| 700 | 1 | _aAli, Shaukat | |
| 902 | _bSRS | ||
| 942 | _cBK | ||
| 999 |
_c10703 _d10703 |
||